00786 2200229 4500001002100000005001700021008004100038035002500079040001200104082001500116084002000131100002400151245014200175260005700317300003000374500003100404504003000435650003500465700002600500850001200526990001800538INLIS00000000001100620150828103856.0  a0010-081500000002444 aYOPDYOG 223a363.73 aSK 363.73 End T aENDRA Setyo Harsono aTingkat pencemaran dan kandungan kronium (Cr) pada kangkung air (Ipomoea aquatica forsk) di sungai Code Yogyakartac/ Endra Setyo Harsono aYogyakartabUniversitas Gadjah Mada Yogyakartac2005 axi, 104 lembarc; 29,5 cm aSkripsi Fakultas Pertanian aBibliografi: hlm. 101-104 aPencemaran -- Aspek Lingkungan aSYAMSUL Arifin Siradz aYOPDYOG a48794-PD/A.15